Die Filmkultur des Making-of : dokumentarische Produktionsästhetik im 21. Jahrhundert /

Filmen sieht man nicht vollständig an, wie sie gemacht wurden. Einblicke in ihre Herstellung liefern jedoch andere Filme: Making-ofs, Filme über Filmproduktion, die sich bis ins frühe Kino zurückverfolgen lassen. Making-ofs breiten sich in der post-kinematografischen Medienkultur des frühen 21. Jahr...

Full description

Bibliographic Details
Main Author: Hasebrink, Felix, 1991- (Author)
Corporate Author: Walter de Gruyter & Co
Format: eBook
Language:German
Language Notes:In German.
Published: Bielefeld : transcript Verlag, 2024.
Series:Media in action ; Bd. 6.
Media in action.
Subjects:
Online Access:Connect to the full text of this electronic book

MARC

Tag First Indicator Second Indicator Subfields
LEADER 00000cam a2200000 i 4500
001 in00005686331
005 20260212200251.3
006 m o d
007 cr cnu||||||||
008 240608s2024 gw o ||| 0 ger d
040 |a EBLCP  |b eng  |e rda  |c EBLCP  |d OCLKB  |d N$T  |d AUD  |d SXB  |d N$T  |d OCLCQ  |d OCLCO  |d N$T  |d SFB  |d UEJ  |d N$T  |d UKKNU  |d BNG  |d OCLCO  |d OCLCQ  |d OCLCL  |d DEGRU  |d UX0  |d OCLCO 
019 |a 1436437367  |a 1443940343  |a 1492640018 
020 |a 9783732871308  |q (electronic bk.) 
020 |a 9783839471302 
020 |a 3839471303 
020 |a 3732871304 
020 |z 9783837671308 
024 7 |a 10.1515/9783839471302  |2 doi 
035 |a (OCoLC)1438669713  |z (OCoLC)1436437367  |z (OCoLC)1443940343  |z (OCoLC)1492640018 
037 |5 BiblioBoard 
050 4 |a PN1995.9.D6  |b H37 2023 
072 7 |a SOC052000  |2 bisacsh 
082 0 4 |a 070.1/8  |2 23/eng/20240718 
084 |a AP 49400  |2 rvk  |0 (DE-625)rvk/7564: 
049 |a TXAM 
100 1 |a Hasebrink, Felix,  |d 1991-  |e author. 
245 1 4 |a Die Filmkultur des Making-of :  |b dokumentarische Produktionsästhetik im 21. Jahrhundert /  |c Felix Hasebrink 
264 1 |a Bielefeld :  |b transcript Verlag,  |c 2024. 
300 |a 1 online resource (363 pages). 
336 |a text  |b txt  |2 rdacontent 
337 |a computer  |b c  |2 rdamedia 
338 |a online resource  |b cr  |2 rdacarrier 
490 1 |a Media in action,  |x 2749-9960 ;  |v Band 6 
500 |a Description based upon print version of record. 
505 0 |a Cover -- Inhalt -- Einleitung -- Konjunktur des Making-of -- Zum Begriff (Film-)Produktion -- Dokumentarische Produktionsästhetik -- 1. Produktion als Außen -- Gerahmte Bewegtbilder -- Produktionsgerät ausklammern -- Hors-cadre des Raums -- Making-of -- erste Annäherung -- Hors-cadre der Zeit -- Making-of -- zweite Annäherung -- Produktion dokumentieren -- Das hors-cadre anderer Filme zeigen -- 2. Produktion als Rückseite -- DVD- und Blu-ray-Making-ofs: Grundformen -- Making-ofs vor der DVD -- Produktion kommentieren -- Blicke hinter die Kulissen -- Produktionsansichten vernähen -- Exkurs 1: Making-of, circa 1950-1960 -- Postproduktion -- Pre-Production -- Making-ofs nach der DVD -- Zersetzung und Absicherung -- 
505 8 |a 3. Produktion als Intervention -- Un/angemessene Produktionsränder -- Exkurs 2: Making-of, 1971 -- Hors-cadre-Taktik -- Mockumentary und Making-of -- Faking-of-Epistemologie -- Einmischungen, behind the scenes -- Go, digital, go! -- 4. Produktion als Performance -- Making-of online -- Schweres Gerät -- Exkurs 3: Making-of, circa 1985 -- Bilder zerlegen -- betweenthelines -- Dabeisein und mitfilmen -- Das Außen der Desktop Documentary -- Performing Production -- 5. Produktion als Nicht-Film -- Ceci n'est pas un film -- Making-of und acinéma -- Exkurs 4: Making-of, 1968 -- Kamerapersonen -- Footage-Arbeit -- Slow Production -- Pause machen -- Schattenfilme -- Schlussbetrachtungen -- Warum jetzt? -- Making-of-Installationen -- Inside the Scenes -- Epilog und Dank -- Quellenverzeichnis -- Literatur -- Quellen and#x203A;Making-of-Kanon‹ -- Audiovisuelle Quellen -- Filme und Serien -- Onlinevideos, Werbeclips und Musikvideos -- DVD-/Blu-ray-Making-ofs und Referenzfilme -- Abbildungsverzeichnis 
520 |a Filmen sieht man nicht vollständig an, wie sie gemacht wurden. Einblicke in ihre Herstellung liefern jedoch andere Filme: Making-ofs, Filme über Filmproduktion, die sich bis ins frühe Kino zurückverfolgen lassen. Making-ofs breiten sich in der post-kinematografischen Medienkultur des frühen 21. Jahrhunderts explosionsartig aus. Felix Hasebrink analysiert ihre Formen und Verbreitungswege in unterschiedlichen Kontexten: Dokumentarfilm, Home Video, Social Media und Festivalkino. In dieser Perspektive sind Making-ofs weitaus mehr als filmindustrielles Marketing - sie machen darauf aufmerksam, wie das Medium Film heute seine eigenen Produktionsbedingungen ästhetisch bearbeitet. 
546 |a In German. 
650 0 |a Documentary films. 
650 0 |a Motion pictures  |x Production and direction. 
650 0 |a Social sciences. 
650 6 |a Documentaires. 
650 6 |a Cinéma  |x Production et réalisation. 
650 6 |a Sciences sociales. 
650 7 |a social sciences.  |2 aat 
650 7 |a SOCIAL SCIENCE / Media Studies.  |2 bisacsh 
653 |a Cinema. 
653 |a Culture. 
653 |a Documentary. 
653 |a Festival Cinema. 
653 |a Film. 
653 |a Media Aesthetics. 
653 |a Media History. 
653 |a Media Studies. 
653 |a Media. 
653 |a Production. 
653 |a Social Media. 
655 7 |a Electronic books.  |2 local 
710 2 |a Walter de Gruyter & Co. 
758 |i Is found in:  |a Transcript  |1 https://openresearchlibrary.org/module/d6bd59b3-a5b1-4369-8e8a-8d66b4d6dd71 
776 0 8 |i Print version:  |a Hasebrink, Felix  |t Die Filmkultur des Making-Of  |d Bielefeld : transcript Verlag,c2024  |z 9783837671308 
830 0 |a Media in action ;  |v Bd. 6.  |x 2749-9960 
830 0 |a Media in action. 
856 4 0 |u https://www.degruyterbrill.com/openurl?genre=book&isbn=9783839471302  |z Connect to the full text of this electronic book  |t 0 
936 |a BATCHLOAD 
955 |a De Gruyter Open Access ebooks 
994 |a 92  |b TXA 
999 f f |i f9d9d356-cde4-4580-8488-5e617378b747  |s d21fcf14-6ce7-46ae-a7d1-fa9c5e08ec82  |t 0 
952 f f |a Texas A&M University  |b College Station  |c Electronic Resources  |s www_evans  |d Available Online  |t 0  |e PN1995.9.D6 H37 2023  |h Library of Congress classification 
998 f f |a PN1995.9.D6 H37 2023  |t 0  |l Available Online